| 000 | 00884nam a2200217Ia 4500 | ||
|---|---|---|---|
| 008 | 130821s xx gs spa | ||
| 040 |
_aCo-BoUCM _bspa |
||
| 041 | 0 | 0 | _aspa |
| 092 | _aCV 0495 | ||
| 092 | _aDVD 0935 | ||
| 110 | 2 | _aODE Video Formación Empresarial | |
| 245 | 1 | 3 |
_aLa planificación de ventas, arma secreta del vendedor excelente _c[videograbación] _cODE Video Formación Empresarial |
| 260 |
_a[Lugar desconocido] _b[Editorial desconocida] _c[fecha desconocida] |
||
| 300 |
_a1 videocasete vhs 24 min. _e1 DVD |
||
| 500 | _aExpone el Sr. Martin Llachllatje sobre cómo ser un excelente vendedor, cuáles son sus principales tareas y cómo fijarse objetivos | ||
| 650 | 0 | 4 |
_9435 _aAdministración de empresas |
| 650 | 0 | 4 |
_aPersonal de ventas _921409 |
| 650 | 0 | 4 |
_aVendedores y arte de vender _926129 |
| 650 | 0 | 4 |
_aVentas _926141 |
| 942 |
_cMULTIMEDIA _2LOCAL _a16 _e1 |
||
| 999 |
_c25413 _d25413 |
||